| Поле | Название | Значение |
| |
Тип записи |
a |
| |
Библиографический уровень |
m |
| 001 |
Контрольный номер |
admiBOOK00014602 |
| 005 |
Дата корректировки |
20140919003507.6 |
| 010 |
Индекс ISBN |
__ |
| a |
ISBN |
5-94798-719-8 |
| d |
Цена |
110.00/160.00 |
| 100 |
Данные общей обработки |
__ |
| a |
Данные общей обработки |
19020129 |||y0 y0189 ca |
| 101 |
Язык документа |
0_ |
| a |
Язык текста |
rus |
| 105 |
Кодированные данные (монография) |
__ |
| a |
Кодированные данные (монография) |
zy |
| 200 |
Заглавие и сведения об ответственности |
0_ |
| a |
Заглавие |
Паблик рилейшнз |
| e |
Сведения, относящиеся к заглавию |
Учебное пособие |
| 205 |
Сведения об издании |
__ |
| b |
Дополнительные сведения об издании |
Гриф УМО |
| 210 |
Выходные данные |
1_ |
| a |
Место издания |
М |
| c |
Издательство |
Дашков и Ко |
| d |
Дата издания |
2006 |
| 215 |
Физическое описание |
__ |
| a |
Объем |
316с. |
| 606 |
Тематические рубрики |
__ |
| a |
Основная рубрика |
Управление экономикой |
| x |
Основная подрубрика |
Паблик рилейшнз |
| x |
Основная подрубрика |
Средства массовой информации (СМИ) |
| 610 |
Ключевые слова |
0_ |
| a |
Ключевые слова |
Паблик рилейшнз |
| a |
Ключевые слова |
Пиар |
| a |
Ключевые слова |
Связи с общественностью |
| a |
Ключевые слова |
PR |
| a |
Ключевые слова |
Средства массовой информации |
| a |
Ключевые слова |
PR-кампании |
| a |
Ключевые слова |
Уровни и формы связей с общественностью |
| 675 |
Индекс УДК |
__ |
| a |
Индекс УДК |
659*в |
| 686 |
Индексы других классификаций |
__ |
| a |
Классификационный индекс |
65.050 |
| a |
Классификационный индекс |
76.0 |
| 700 |
Автор |
_1 |
| a |
Фамилия |
Шарков |
| b |
Имя |
Ф.И. |
| 852 |
Данные о местонахождении |
__ |
| c |
Местонахождение стеллажа |
65.050 |
| c |
Местонахождение стеллажа |
76.0 |
| j |
Шифр хранения |
65.050 |
| 852 |
Данные о местонахождении |
__ |
| b |
Сигла хранения |
ЧЗ_1 |
| t |
Номер экземпляра |
4 |
| i |
Авторский знак |
Ш26 |
| p |
Инвентарный номер |
137628 |
| p |
Инвентарный номер |
141117 |
| p |
Инвентарный номер |
140713 |
| p |
Инвентарный номер |
1 экз. тех. |
| 901 |
Тип документа |
__ |
| t |
Тип документа |
m |
| 911 |
|
__ |
| u |
|
952a=Учебное пособие |
| u |
|
952p=1650 |
| u |
|
952p=1752 |
| u |
|
952p=1750 |
| 938 |
Служебная информация |
__ |
| a |
Название организации |
Саранский филиал |
| b |
Имя БД |
OUTPUT.MRC_Саранск |
| c |
Название АИБС |
АИБС Библиотека |
| 938 |
Служебная информация |
__ |
| a |
Название организации |
Камчатский филиал |